000 00193 a2200097 4500
020 _a9788427933880
041 _aspa
100 _aE.B Whirte
245 _aLas telaraąs de Carlota
942 _cBK
999 _c27942
_d27942